Statistics for England World Cup opponents 1950-2018

Click here to take the quiz!

General Stats

  • This quiz has been taken 75 times
    (38 since last reset)
  • The average score is 61 of 69

Answer Stats

HintAnswer% Correct
1998Argentina
100%
1962Argentina
100%
1986Argentina
100%
2002Argentina
100%
1966Argentina
100%
2002Brazil
100%
1962Brazil
100%
1970Brazil
100%
1958Brazil
100%
2010Germany
100%
1986Portugal
100%
2006Portugal
100%
1966Portugal
100%
2006Sweden
100%
2018Sweden
100%
2002Sweden
100%
2014Uruguay
100%
1966Uruguay
100%
1954Uruguay
100%
1950USA
100%
2010USA
100%
1970West Germany
100%
1990West Germany
100%
1982West Germany
100%
1966West Germany
100%
1990Belgium
97%
1954Belgium
97%
2018Croatia
94%
1990Italy
94%
2014Italy
94%
1990Netherlands
94%
2018Belgium
91%
2018Belgium
91%
2018Colombia
91%
1998Columbia
91%
1982France
91%
1966France
91%
1966Mexico
91%
1982Spain
91%
1950Spain
91%
2010Algeria
88%
1990Cameroon
88%
1950Chile
88%
2018Panama
88%
1998Romania
88%
1970Romania
88%
1998Tunisia
88%
2018Tunisia
88%
1958USSR
88%
1958USSR
88%
2002Denmark
85%
2014Costa Rica
82%
1990Ireland
82%
2006Paraguay
82%
1986Paraguay
82%
1986Poland
82%
1990Egypt
76%
2002Nigeria
76%
1986Morocco
73%
1962Hungary
70%
2010Slovenia
70%
1982Czechoslovakia
67%
1970Czechoslovakia
67%
1958Austria
64%
2006Trinidad & Tobago
64%
2006Ecuador
61%
1954Switzerland
58%
1962Bulgaria
55%
1982Kuwait
42%

Score Distribution

Percentile by Number Answered

Percent of People with Each Score

Your Score History

You have not taken this quiz since the last reset